| Tag |
First Indicator |
Second Indicator |
Subfields |
| LEADER |
00000cam a2200000 a 4500 |
| 001 |
in00000591069 |
| 005 |
20151014075438.0 |
| 008 |
811023s1981 deua s00000 eng d |
| 035 |
|
|
|a (OCoLC)07871339
|
| 035 |
|
|
|9 ACP7500AM
|
| 040 |
|
|
|a OLA
|c OLA
|d m/c
|d TXA
|d UtOrBLW
|
| 049 |
1 |
|
|a TXA2
|
| 090 |
|
|
|a GC57.2
|b .D4 no. 11-81
|
| 245 |
0 |
0 |
|a Chitin :
|b new facets of research /
|c by Paul R. Austin [and others].
|
| 264 |
|
1 |
|a Newark :
|b Sea Grant College Program, University of Delaware,
|c 1981.
|
| 300 |
|
|
|a 1 volume in various pagings :
|b illustrations ;
|c 28 cm.
|
| 336 |
|
|
|a text
|b txt
|2 rdacontent
|
| 337 |
|
|
|a unmediated
|b n
|2 rdamedia
|
| 338 |
|
|
|a volume
|b nc
|2 rdacarrier
|
| 490 |
1 |
|
|a DEL-SG- ;
|v 11-81
|
| 500 |
|
|
|a Includes three reprints and list of chitin publications from the University of Delaware.
|
| 500 |
|
|
|a Grant 03-7-212-15003, 04-6-158-44025, and 04-7-158-44120.
|
| 504 |
|
|
|a Includes bibliographical references.
|
| 650 |
|
0 |
|a Chitin.
|
| 700 |
1 |
|
|a Austin, Paul R.
|
| 710 |
2 |
|
|a University of Delaware.
|
| 730 |
0 |
|
|a Grant 03-7-212-15003.
|
| 730 |
0 |
|
|a Grant 04-6-158-44025.
|
| 730 |
0 |
|
|a Grant 04-7-158-44120.
|
| 710 |
2 |
|
|a University of Delaware.
|b Sea Grant College Program.
|g Grant no. 03-7-212-15003.
|
| 710 |
2 |
|
|a National Sea Grant College Program (U.S.)
|
| 710 |
2 |
|
|a University of Delaware.
|b Sea Grant College Program.
|g Grant no. 04-6-158-44025.
|
| 830 |
|
0 |
|a DEL-SG (Series) ;
|v no. 11-81.
|
| 999 |
|
|
|a MARS
|
| 999 |
f |
f |
|s eef64a60-8406-31ae-bea5-3ca40b32515f
|i ea6924ce-a4db-3403-8a49-98f81502abce
|t 0
|
| 952 |
f |
f |
|p ric
|a Texas A&M University
|b Rellis Campus
|c Joint Library Facility
|d Remote Storage
|t 0
|e GC57.2 .D4 no.11-81
|h Library of Congress classification
|i unmediated -- volume
|m A14810824306
|
| 998 |
f |
f |
|a GC57.2 .D4 no.11-81
|t 0
|l Remote Storage
|